| 000 | 00510nam a2200145 a 4500 | ||
|---|---|---|---|
| 001 | 000038073 | ||
| 005 | 20201002031153.0 | ||
| 008 | 130312d2004 dr ac 000 0 spa d | ||
| 040 |
_aDO-SdBNP _bspa _cBNPHU |
||
| 100 | 1 |
_aSuazo, Wilson _957374 |
|
| 245 | 1 | 0 |
_aBaní : _bcrónicas de mi pueblo, vivencia del pasado siglo / _cprólogo Maguá Moquete Paredes. |
| 260 |
_aSanto Domingo : _bEdiciones Banís Ayer y Hoy, _c[200?]. |
||
| 300 |
_a244 p. : _bil., retrs. ; _c22 cm. |
||
| 700 | 1 |
_aMoquete Paredes, Maguá _964466 |
|
| 999 |
_c37563 _d37563 |
||